Oeuvres Completes

Uloženo v:
Podrobná bibliografie
Hlavní autor: Platón
Médium: Kniha
Jazyk:Undetermined
Vydáno: París, Francia Les Belles Lettres 1974
Témata:
Tagy: Přidat tag
Žádné tagy, Buďte první, kdo vytvoří štítek k tomuto záznamu!

MARC

LEADER 00000nam a2200000Ia 4500
008 170316s9999 xx 000 0 und d
090 |a 100 P-26o v.8 
100 |a Platón 
245 |a Oeuvres Completes 
260 |a París, Francia 
260 |b Les Belles Lettres 
260 |c 1974 
300 |a 166 páginas Tome VIII, 1a. parte 
650 |a FILOSOFÍA 
999 |c 17329  |d 17329 
040 |a cru BVZT 
942 |c 15 D  |h 100 P-26o v.8  |2 z